Mimochodom: vražda ; (Record no. 22731)
[ view plain ]
| 000 -LEADER | |
|---|---|
| fixed length control field | 00839nam a22002772 4500 |
| 001 - CONTROL NUMBER | |
| control field | 22731 |
| 003 - CONTROL NUMBER IDENTIFIER | |
| control field | CZ PrNK |
| 005 - DATE AND TIME OF LATEST TRANSACTION | |
| control field | 20260421161924.0 |
| 008 - FIXED-LENGTH DATA ELEMENTS--GENERAL INFORMATION | |
| fixed length control field | 960320s1987 xo slo |
| 020 ## - INTERNATIONAL STANDARD BOOK NUMBER | |
| Qualifying information | (Brož.) |
| 040 ## - CATALOGING SOURCE | |
| Original cataloging agency | ABA001 |
| Language of cataloging | cze |
| Transcribing agency | ABA001 |
| Modifying agency | ABA001 |
| 041 1# - LANGUAGE CODE | |
| Language code of text/sound track or separate title | slo |
| Language code of original | ger |
| 100 1# - MAIN ENTRY--PERSONAL NAME | |
| Personal name | Steinberg, Werner, |
| Dates associated with a name | 1913-1992 |
| Relationship | aut |
| 245 10 - TITLE STATEMENT | |
| Title | Mimochodom: vražda ; |
| Remainder of title | Posledný prípad / |
| Statement of responsibility, etc. | Werner Steinberg ; z nem. orig. prel. Evelína Radičová a Alfred Engelmann |
| 250 ## - EDITION STATEMENT | |
| Edition statement | 1. vyd. |
| 260 ## - PUBLICATION, DISTRIBUTION, ETC. | |
| Place of publication, distribution, etc. | Bratislava : |
| Name of publisher, distributor, etc. | Tatran, |
| Date of publication, distribution, etc. | 1987 |
| 300 ## - PHYSICAL DESCRIPTION | |
| Extent | 461 s. ; |
| Dimensions | 8° |
| 490 1# - SERIES STATEMENT | |
| Series statement | Zenit ; |
| Volume/sequential designation | zv. 56 |
| 700 1# - ADDED ENTRY--PERSONAL NAME | |
| Personal name | Silberhornová, Evelína |
| Relationship | trl |
| 700 1# - ADDED ENTRY--PERSONAL NAME | |
| Personal name | Engelmann, Alfréd |
| Relationship | trl |
| 740 02 - ADDED ENTRY--UNCONTROLLED RELATED/ANALYTICAL TITLE | |
| Uncontrolled related/analytical title | Posledný prípad |
| 765 0# - ORIGINAL LANGUAGE ENTRY | |
| Title | Ein Mord ; Der letzte Fall des Kommissars |
| 830 #0 - SERIES ADDED ENTRY--UNIFORM TITLE | |
| Uniform title | Zenit |
| 910 ## - USER-OPTION DATA (OCLC) | |
| User-option data | ABA001 |
| 942 ## - ADDED ENTRY ELEMENTS (KOHA) | |
| Source of classification or shelving scheme | Dewey Decimal Classification |
| Koha item type | Krásna literatúra pre dospelých |
| Suppress in OPAC | No |
| Stav vyradenia | Strata | Poškodenie | Spôsob nadobudnutia | Domovská knižnica | Aktuálna knižnica | Dátum nadobudnutia | Total checkouts | Čiarový kód exemplára | Date last seen | Typ exemplára |
|---|---|---|---|---|---|---|---|---|---|---|
| Dar | Obecná knižnica Horná Štubňa | Obecná knižnica Horná Štubňa | 21.04.2026 | 4736202270 | 21.04.2026 | Krásna literatúra pre dospelých |
